Дело о неприличном поступке некоторых студентов Дерптского университета на лекции профессора Преллера. Тут же и об увольнении по...

Доступно только в Электронных читальных залах Найти на картеНа карте
RUSMARC
00003688nmc2a22002413x 450
001875d6387-f6bc-413b-a03f-f4b054c87648
00520250621132724.0
100##$a20241206l18411843k l0rusy0189 ca
1010#$arus
102##$aRU
105##$ay###
1222#$ad
2001#$aДело о неприличном поступке некоторых студентов Дерптского университета на лекции профессора Преллера. Тут же и об увольнении по этому случаю некоторых (нескольких) студентов из университета
$j16 декабря 1841 г. - 30 марта 1843 г.
215##$a29 л.
$d36,5х26 см
251##$cДело
300##$aНа обложке указано: "№99"
371##$aДокумент не является опубликованным и широко распространяемым
461#0$10012b5b8419-5ce4-4d16-a7a3-85720a295f1f
$12001
$aКанцелярия министра народного просвещения
$1251
$cФонд
$1852
$j735
462#0$1001562cc287-b13c-4f02-8029-f81535ba1e2e
$12001
$aКанцелярия министра народного просвещения
$1251
$cОпись
$1852
$j2
801#0$aRU
$bРГИА
$c20241206
$gRCR
801#1$aRU
$bГлавНИВЦ
$c20241206
$2rusmarc
801#2$aRU
$bПБ им. Б.Н. Ельцина
$c20250621
$gRCR
$2rusmarc
850##$aРГИА
852##$aРГИА
$eФедеральное казенное учреждение "Российский государственный исторический архив" (РГИА)
$j277
937##$hРГИА
$d12421195
$aASBIBLIO_SCAN
035##$aRusGRCC00083067
856##$uhttp://readingroom.main.prlib.ru/item.aspx?id_node=n196841509&mode=full
Формат отображения